<?xml version="1.0" encoding="UTF-8"?>
<record
    xmlns:xsi="http://www.w3.org/2001/XMLSchema-instance"
    xsi:schemaLocation="http://www.loc.gov/MARC21/slim http://www.loc.gov/standards/marcxml/schema/MARC21slim.xsd"
    xmlns="http://www.loc.gov/MARC21/slim">

  <leader>00789nam a2200193 i 4500</leader>
  <controlfield tag="001">167628</controlfield>
  <controlfield tag="003">ES-MaACL</controlfield>
  <controlfield tag="005">20250905063054.0</controlfield>
  <controlfield tag="008">021011s1858    fr           |||| | fre d</controlfield>
  <datafield tag="040" ind1=" " ind2=" ">
    <subfield code="a">CCPB | B </subfield>
    <subfield code="b">spa </subfield>
    <subfield code="c">CCPB | B</subfield>
  </datafield>
  <datafield tag="100" ind1="1" ind2=" ">
    <subfield code="a">Villemain, Abel-Fran&#xE7;ois, </subfield>
    <subfield code="d">1791-1870</subfield>
    <subfield code="9">133764</subfield>
  </datafield>
  <datafield tag="245" ind1="1" ind2="0">
    <subfield code="a">M. de Chateaubriand </subfield>
    <subfield code="b">: sa vie, ses &#xE9;crits, son influence litteraire et politique sur son temps / </subfield>
    <subfield code="c">par M. Villemain.</subfield>
  </datafield>
  <datafield tag="260" ind1=" " ind2=" ">
    <subfield code="a">Paris : </subfield>
    <subfield code="b">Michel L&#xE9;vy, fr&#xE8;res, libraires-&#xE9;diteurs, </subfield>
    <subfield code="c">1858.</subfield>
  </datafield>
  <datafield tag="300" ind1=" " ind2=" ">
    <subfield code="a">1 v. ; </subfield>
    <subfield code="c">22 cm.</subfield>
  </datafield>
  <datafield tag="505" ind1="8" ind2=" ">
    <subfield code="a">1e partie. La tribune moderne (IV, 560 p.)</subfield>
  </datafield>
  <datafield tag="600" ind1="1" ind2="7">
    <subfield code="a">Chateaubriand, Fran&#xE7;ois-Ren&#xE9;, </subfield>
    <subfield code="c">vicomte de, </subfield>
    <subfield code="d">1768-1848-</subfield>
    <subfield code="x">Cr&#xED;tica e interpretaci&#xF3;n</subfield>
    <subfield code="2"></subfield>
    <subfield code="9">126469</subfield>
  </datafield>
  <datafield tag="852" ind1=" " ind2=" ">
    <subfield code="a">ES-MaACL</subfield>
    <subfield code="j">G-12347 </subfield>
    <subfield code="z">-- Enc. hol.</subfield>
  </datafield>
  <datafield tag="999" ind1=" " ind2=" ">
    <subfield code="c">167628</subfield>
    <subfield code="d">167628</subfield>
  </datafield>
  <datafield tag="952" ind1=" " ind2=" ">
    <subfield code="0">0</subfield>
    <subfield code="1">0</subfield>
    <subfield code="4">0</subfield>
    <subfield code="7">0</subfield>
    <subfield code="8">LIBXIX</subfield>
    <subfield code="a">ATENEOM</subfield>
    <subfield code="b">ATENEOM</subfield>
    <subfield code="c">SPP3</subfield>
    <subfield code="d">2008-01-17</subfield>
    <subfield code="e">SSC</subfield>
    <subfield code="l">0</subfield>
    <subfield code="o">G-12347</subfield>
    <subfield code="p">1175862</subfield>
    <subfield code="r">2023-02-23 00:00:00</subfield>
    <subfield code="w">2023-02-23</subfield>
    <subfield code="y">MONANT</subfield>
  </datafield>
</record>
